Digital Communications : (Record no. 17080)
[ view plain ]
| 000 -LEADER | |
|---|---|
| fixed length control field | 00730cam a2200217 a 4500 |
| 001 - CONTROL NUMBER | |
| control field | 12509265 |
| 005 - DATE AND TIME OF LATEST TRANSACTION | |
| control field | 20130509124136.0 |
| 008 - FIXED-LENGTH DATA ELEMENTS--GENERAL INFORMATION | |
| fixed length control field | 010821s2001 njua b 001 0 eng |
| 020 ## - INTERNATIONAL STANDARD BOOK NUMBER | |
| International Standard Book Number | 0130847887 |
| 020 ## - INTERNATIONAL STANDARD BOOK NUMBER | |
| International Standard Book Number | 9780130847881 |
| 082 00 - DEWEY DECIMAL CLASSIFICATION NUMBER | |
| Classification number | 621.382 |
| Edition number | 21 |
| Item number | SKL |
| 100 1# - MAIN ENTRY--PERSONAL NAME | |
| Personal name | Sklar, Bernard, |
| Dates associated with a name | 1927- |
| 9 (RLIN) | 31195 |
| 245 10 - TITLE STATEMENT | |
| Title | Digital Communications : |
| Remainder of title | Fundamentals and Applications / |
| Statement of responsibility, etc | Bernard Sklar. |
| 250 ## - EDITION STATEMENT | |
| Edition statement | 2nd ed. |
| 260 ## - PUBLICATION, DISTRIBUTION, ETC. (IMPRINT) | |
| Place of publication, distribution, etc | Upper Saddle River, N.J. : |
| Name of publisher, distributor, etc | Prentice-Hall PTR, |
| Date of publication, distribution, etc | c2001. |
| 300 ## - PHYSICAL DESCRIPTION | |
| Extent | xxiv, 1079 p. : |
| Other physical details | ill. ; |
| Dimensions | 25 cm. + |
| Accompanying material | 1 computer optical disc (4 3/4 in.) |
| 504 ## - BIBLIOGRAPHY, ETC. NOTE | |
| Bibliography, etc | Includes bibliographies and index. |
| 650 #0 - SUBJECT ADDED ENTRY--TOPICAL TERM | |
| Topical term or geographic name as entry element | Digital communications. |
| 9 (RLIN) | 31196 |
| 653 ## - INDEX TERM--UNCONTROLLED | |
| Resource For college | |
| Arrived date list | October2012 |
| -- | May2013 |
| 942 ## - ADDED ENTRY ELEMENTS (KOHA) | |
| Source of classification or shelving scheme | Dewey Decimal Classification |
| Item type | Book - Borrowing |
| Withdrawn status | Item status | Source of classification or shelving scheme | Damaged status | Not for loan | Vendor | Home library | Current library | Shelving location | Date acquired | Source of acquisition | Cost, normal purchase price | Total Checkouts | Total Renewals | Full call number | Barcode | Date last seen | Date last borrowed | Cost, replacement price | Koha item type | Checked out | Materials specified (bound volume or other part) | Serial Enumeration / chronology |
|---|---|---|---|---|---|---|---|---|---|---|---|---|---|---|---|---|---|---|---|---|---|---|
| Dewey Decimal Classification | Baccah | Central Library | Central Library | First floor | 18/10/2012 | 320.00 | 17 | 239 | 621.382 SKL | 000027717 | 15/07/2025 | 31/10/2021 | 400.00 | Book - Borrowing | ||||||||
| Dewey Decimal Classification | Baccah | Central Library | Central Library | First floor | 18/10/2012 | 320.00 | 17 | 137 | 621.382 SKL | 000027718 | 15/07/2025 | 31/10/2022 | 400.00 | Book - Borrowing | ||||||||
| Dewey Decimal Classification | Baccah | Central Library | Central Library | First floor | 18/10/2012 | 320.00 | 17 | 210 | 621.382 SKL | 000027719 | 15/07/2025 | 13/02/2023 | 400.00 | Book - Borrowing | ||||||||
| Dewey Decimal Classification | Baccah | Central Library | Central Library | First floor | 18/10/2012 | 320.00 | 2 | 2 | 621.382 SKL | 000027720 | 01/10/2015 | 01/10/2015 | 400.00 | Book - Borrowing | 01/11/2015 | |||||||
| Dewey Decimal Classification | Baccah | Central Library | Central Library | First floor | 18/10/2012 | 320.00 | 621.382 SKL | 000027721 | 24/08/2022 | 400.00 | CD | DVD - With book | |||||||||||
| Dewey Decimal Classification | Baccah | Central Library | Central Library | First floor | 18/10/2012 | 320.00 | 1 | 1 | 621.382 SKL | 000027722 | 24/08/2022 | 12/10/2016 | 400.00 | CD | DVD - With book | ||||||||
| Dewey Decimal Classification | Baccah | Central Library | Central Library | First floor | 18/10/2012 | 320.00 | 621.382 SKL | 000027723 | 24/08/2022 | 400.00 | CD | DVD - With book | |||||||||||
| Dewey Decimal Classification | Baccah | Central Library | Central Library | First floor | 18/10/2012 | 320.00 | 1 | 15 | 621.382 SKL | 000027724 | 24/08/2022 | 27/09/2014 | 400.00 | CD | DVD - With book | ||||||||
| Lost | Dewey Decimal Classification | Baccah | Central Library | Central Library | First floor | 09/05/2013 | 320.00 | 14 | 234 | 621.382 SKL | 000028716 | 08/09/2021 | 08/11/2020 | 400.00 | Book - Borrowing | Lost In Inventory_24-8-2022 | 17664 |